Statistics for Countries With the Most Atheists/Agnostics

Click here to take the quiz!

General Stats

  • This quiz has been taken 3,902 times
  • The average score is 18 of 25

Answer Stats

RankPercent of PopulationAnswer% Correct
15.31-44%United Kingdom
94%
1.46-85%Sweden
90%
4.31-72%Norway
89%
11.41-49%Germany
88%
7.28-60%Finland
87%
20.19-30%Canada
85%
8.43-54%France
85%
12.24-48%Russia
85%
3.43-80%Denmark
84%
5.64-65%Japan
80%
2524-25%Australia
79%
14.39-44%Netherlands
78%
16.42-43%Belgium
76%
10.49%Estonia
74%
23.17-27%Switzerland
73%
24.18-26%Austria
72%
21.20-29%Latvia
70%
6.54-61%Czech Republic
69%
9.30-52%South Korea
67%
22.10-28%Slovakia
62%
13.32-46%Hungary
60%
18.35-38%Slovenia
57%
17.34-40%Bulgaria
43%
2.81%Vietnam
37%
19.15-37%Israel
24%

Score Distribution

Percentile by Number Answered

Percent of People with Each Score

Your Score History

You have not taken this quiz